000 00814pam a2200241 a 4500
999 _c128650
_d128650
001 3313590
003 ARRUPE
005 20181123154344.0
008 840410s1985 enka b 001 0 eng
010 _a 84007686
020 _a0521246407
040 _aDLC
_cDLC
_dDLC
050 0 0 _aQC158.3
_b.C847
082 0 0 _a500
_219
100 1 _aCotterill, Rodney,
_d1933-
_943644
245 1 4 _aThe Cambridge guide to the material world /
_cRodney Cotterill.
260 _aCambridge [Cambridgeshire] ;
_aNew York :
_bCambridge University Press,
_c1985.
300 _a352 p. :
_bill. (some col.) ;
_c30 cm.
500 _aIncludes index.
504 _aBibliography: p. 348-349.
650 0 _aMatter
_xProperties.
_913631
906 _a7
_bcbc
_corignew
_d1
_eocip
_f19
_gy-gencatlg
942 _2lcc
_cMONOGRAPH